All Michigan Cities By Letter - T, U & V - Statistics

General Stats
  • This quiz has been taken 15 times
  • The average score is 13 of 23
Answer Stats
Population County City/Village % Correct
84,092 Oakland Troy
100%
15,738 Grand Traverse/Leelanau Traverse City
88%
60,922 Wayne Taylor
75%
18,157 Wayne Trenton
75%
8,398 Lenawee Tecumseh
63%
7,623 St. Joseph Three Rivers
63%
471 Tuscola Unionville
63%
772 Shiawassee Vernon
63%
453 Benzie Thompsonville
50%
1,545 Berrien Three Oaks
50%
785 Huron Ubly
50%
1,564 Branch/Calhoun Union City
50%
5,107 Macomb Utica
50%
282 Cass Vandalia
50%
2,542 Tuscola Vassar
50%
3,483 Kalamazoo Vicksburg
50%
1,783 Iosco Tawas City
38%
725 Calhoun Tekonsha
38%
102 Arenac Turner
38%
217 Osceola Tustin
38%
168 Arenac Twining
38%
565 Otsego Vanderbilt
38%
771 Eaton Vermontville
38%
No matching quizzes found
Score Distribution
Percent of People with Each Score
Percentile by Number Answered
Your Score History
You have not taken this quiz